书目信息 |
| 题名: |
西北远征记
|
|
| 作者: | 宣侠父 编 | |
| 分册: | ||
| 出版信息: | 北京 文史资料出版社 1982 |
|
| 页数: | 177页 | |
| 开本: | 19cm | |
| 丛书名: | ||
| 单 册: | ||
| 中图分类: | K263.06 | |
| 科图分类: | ||
| 主题词: | 史料--中国--1924~1927 | |
| 电子资源: | ||
| ISBN: | ||
| 000 | 00608nam0 2200229 45 | |
| 001 | 0182000616 | |
| 005 | 20060820154419.35 | |
| 010 | @dCNY0.68 | |
| 091 | @aCN@b11224.85 | |
| 100 | @a19950313d1982 em y0chiy0121 ea | |
| 101 | 0 | @achi |
| 102 | @aCN@b110000 | |
| 105 | @af z 000yy | |
| 200 | 10 | @a西北远征记@Axi bei yuan zheng ji@f宣侠父编 |
| 210 | @a北京@c文史资料出版社@d1982 | |
| 215 | @a177页@c照片@d19cm | |
| 606 | @a史料@y中国@z1924~1927 | |
| 690 | @aK263.06@v3 | |
| 701 | 0 | @a宣侠父@Axuan xia fu@4编 |
| 801 | 0 | @aCN@bTSSF@c20060820 |
| 801 | 2 | @aCN@bNLC@c20060818 |
| 905 | @a10447@dK263.06@e17 | |
| 西北远征记/宣侠父编.-北京:文史资料出版社,1982 |
| 177页:照片;19cm |
| ISBN :CNY0.68 |
| ● |
| 相关链接 |
|
|
|
|
正题名:西北远征记
索取号:K263.06/17
 
预约/预借
| 序号 | 登录号 | 条形码 | 馆藏地/架位号 | 状态 | 备注 |
| 1 | 0434926 | 204349268 | 密集书库/ [索取号:K263.06/17] | 在馆 | |
| 2 | 0434927 | 204349277 | 密集书库/ [索取号:K263.06/17] | 在馆 | |
| 3 | 0444902 | 204449025 | 密集书库/ [索取号:K263.06/17] | 在馆 | |
| 4 | 0466417 | 204664176 | 密集书库/ [索取号:K263.06/17] | 在馆 | |
| 5 | 0467225 | 204672256 | 密集书库/ [索取号:K263.06/17] | 在馆 |